Central Library OPAC University of Rajshahi

সংস্কৃতির সংকট / (Record no. 39008)

MARC details
000 -LEADER
fixed length control field 00718nam a2200217 a 4500
001 - CONTROL NUMBER
control field 39008
003 - CONTROL NUMBER IDENTIFIER
rucl marc code BD-RjUL
005 - DATE AND TIME OF LATEST TRANSACTION
control field 20211209052910.0
008 - FIXED-LENGTH DATA ELEMENTS--GENERAL INFORMATION
fixed length control field 160402s1967 bg ||||| |||| 00| 0 ben d
035 ## - SYSTEM CONTROL NUMBER
System control number (BD-RjUL)39119
040 ## - CATALOGING SOURCE
Original cataloging agency BD-RjUL
Language of cataloging eng
Transcribing agency BD-RjUL
041 ## - LANGUAGE CODE
Language code of text/sound track or separate title ben
082 ## - DEWEY DECIMAL CLASSIFICATION NUMBER
Edition number 23
Classification number 891.444
Author mark and year UMS 1967
100 ## - MAIN ENTRY--PERSONAL NAME
Personal name উমর, বদরুদ্দীন
9 (RLIN) 116667
245 10 - TITLE STATEMENT
Title সংস্কৃতির সংকট /
Statement of responsibility, etc. বদরুদ্দীন উমর
260 ## - PUBLICATION, DISTRIBUTION, ETC. (IMPRINT)
Place of publication, distribution, etc. ঢাকা :
Name of publisher, distributor, etc. গ্রন্থনা,
Date of publication, distribution, etc. ১৯৬৭
300 ## - PHYSICAL DESCRIPTION
Pagination ১১৫ পৃ. ;
Size ২২ সেমি.
650 ## - SUBJECT ADDED ENTRY--TOPICAL TERM
Topical term or geographic name as entry element বাংলা প্রবন্ধ
9 (RLIN) 120431
Topical term or geographic name as entry element Bengali Essays
9 (RLIN) 120432
942 ## - ADDED ENTRY ELEMENTS (KOHA)
Source of classification or shelving scheme Dewey Decimal Classification
Koha item type Books
Holdings
Lost status Source of classification or shelving scheme Damaged status Not for loan Collection code Permanent Location Current Location Shelving location Date acquired Source of acquisition Cost, normal purchase price Total Checkouts Full call number Date last seen Copy number Koha item type Date checked out
  Dewey Decimal Classification     Non-fiction Central Library, University of Rajshahi Central Library, University of Rajshahi   04/07/1968 Nawrose 3.00   B 891.444 UMS 1967 02/04/2016 C-2 Books  
  Dewey Decimal Classification     Non-fiction Central Library, University of Rajshahi Central Library, University of Rajshahi   26/03/1968 Prantik 3.00 3 B 891.444 UMS 1967 19/03/2023 C-3 Books 15/03/2023
  Dewey Decimal Classification     Non-fiction Central Library, University of Rajshahi Central Library, University of Rajshahi   26/03/1968 Prantik 3.00   B 891.444 UMS 1967 12/07/2016 C-4 Books  
  Dewey Decimal Classification     Non-fiction Central Library, University of Rajshahi Central Library, University of Rajshahi   04/07/1968 Nowros 3.00 1 B 891.444 UMS 1967 13/10/2025 C-5 Books 28/09/2025
  Dewey Decimal Classification     Non-fiction Central Library, University of Rajshahi Central Library, University of Rajshahi   04/03/1968 Prantik, Rajshahi 3.00   B 891.444 UMS 1967 07/08/2016 C-6 Books  
  Dewey Decimal Classification   Not For Loan Non-fiction Central Library, University of Rajshahi Central Library, University of Rajshahi Reading Room 26/03/1968 Prantik 3.00   B 891.444 UMS 1967 11/12/2016 C-1 Books  
  Dewey Decimal Classification     Non-fiction Central Library, University of Rajshahi Central Library, University of Rajshahi   26/03/1968 Prantik 3.00   B 891.444 UMS 1967 13/05/2017 C-7 Books